American political thought: the philosophic dimension of american statesmanship

Uloženo v:
Podrobná bibliografie
Hlavní autoři: Frisch, Morton J (Autor), Stevens, Richard G (Autor)
Médium: Kniha
Jazyk:angličtina
Vydáno: Itasca F. E. Peacock 1983
Vydání:2a. ed
Témata:
Tagy: Přidat tag
Žádné tagy, Buďte první, kdo vytvoří štítek k tomuto záznamu!

MARC

LEADER 00000nam a2200000 a 4500
001 UCS2425
003 CL-VaPUC
008 970526e19830000US |||||||||||||||||eng|d
082 0 4 |a 320.973  |b FRI  |2 21 
100 0 |a Frisch, Morton J  |e author  |9 387839 
700 0 |a Stevens, Richard G  |e author  |9 387840 
245 1 0 |a American political thought: the philosophic dimension of american statesmanship 
250 |a 2a. ed 
300 |a 361 p 
942 |c BK 
945 |d 19970526 00:00:00  |a lriquelm 
260 |a Itasca  |b F. E. Peacock  |c 1983 
650 0 |a Ciencias Políticas  |9 255201 
650 7 |a TEORIA POLITICA  |2 CL-VaPUC  |9 387841 
650 0 |a Doctrinas políticas  |9 255835 
650 0 |a Federalismo  |9 313886 
650 0 |a Socialismo  |9 255260 
650 0 |a Fascismo  |9 255687 
651 0 |a Estados Unidos  |9 255178 
583 |a last modification  |c 20180226 01:07:45  |k Rodrigo Vera 
999 |c 260384  |d 260382 
952 |0 0  |1 0  |4 0  |6 320_973000000000000_FRI_1983  |7 0  |8 A  |9 286475  |a BIBDER  |b BIBDER  |d 2019-11-19  |i 1862847  |o 320.973 FRI 1983  |p 1862847  |r 2023-01-25  |w 2019-11-19  |y BK  |k DER